00000000cam 2200000zi 4500
0019.945006
003CaOODSP
00520251218111515
006m     o  d f      
007cr mn|||||||||
008241108t20242024onc     ob   f000 0 eng d
020 |a9780660744131
040 |aCaOODSP|beng|erda|cCaOODSP
043 |an-cn---
045 |ay1y2
0861 |aCS372-00001/2024-3E-PDF
24500|aPersistence and graduation indicators of postsecondary students, 2011/2012 to 2022/2023.
264 1|a[Ottawa] : |bStatistics Canada = Statistique Canada, |c2024.
264 4|c©2024
300 |a1 online resource (14 pages).
336 |atext|btxt|2rdacontent
337 |acomputer|bc|2rdamedia
338 |aonline resource|bcr|2rdacarrier
4900 |aTechnical reference guides for the Education and Labour Market Longitudinal Platform (ELMLP)
500 |aCover title.
500 |a"Release date: December 11, 2024."
500 |aIssued also in French under title: Indicateurs de la persévérance et de la diplomation des étudiants postsecondaires, de 2011-2012 à 2022-2023.
504 |aIncludes bibliographical references.
520 |a"Each year, Statistics Canada releases data on the postsecondary education pathways of college and university students using data from the Education and Labour Market Longitudinal Platform (ELMLP)"--Introduction, page 4.
650 0|aCollege students|zCanada|xStatistics.
650 0|aCollege attendance|zCanada|xStatistics.
650 0|aCollege graduates|zCanada|xStatistics.
650 0|aEducational indicators|zCanada.
7102 |aStatistics Canada, |eissuing body.
77508|tIndicateurs de la persévérance et de la diplomation des étudiants postsecondaires, de 2011-2012 à 2022-2023.|w(CaOODSP)9.945007
85640|qPDF|s317 KB|uhttps://publications.gc.ca/collections/collection_2024/statcan/37-20-0001/372000012024003-eng.pdf
8564 |qHTML|sN/A|uhttps://www150.statcan.gc.ca/n1/pub/37-20-0001/372000012024003-eng.htm
986 |a37200001